Statistiques concernant Pays en Cercles - Afrique - Carte Quiz

Cliquez ici pour prendre le quiz!

Statistiques générales

  • Ce quiz a été pris 286 fois
  • Le résultat moyen est 27 sur 54

Réponses sur la Carte

Les réponses sont colorées sur une échelle allant du rouge au vert en fonction du pourcentage des utilisateurs qui les ont devinées à leur premier essai. Vous pouvez retrouver ces pourcentages ci-dessous.
 

Statistiques - réponses

Réponse% Correct
Cap-Vert
77%
Maroc
68%
Afrique du Sud
65%
Algérie
64%
Gambie
61%
Tunisie
61%
Sénégal
59%
Mauritanie
58%
Sao Tomé-et-Principe
57%
Madagascar
56%
Mali
56%
Eswatini
55%
Lesotho
54%
Libye
54%
Mozambique
53%
Soudan
53%
Égypte
52%
Éthiopie
52%
Kenya
52%
Namibie
52%
Tanzanie
52%
Zimbabwe
51%
Angola
50%
Botswana
50%
Djibouti
50%
Érythrée
50%
Somalie
50%
Zambie
50%
Guinée
49%
Sierra Leone
49%
Soudan du Sud
49%
Ouganda
47%
Guinée-Bissau
46%
Malawi
46%
République démocratique du Congo
46%
Rwanda
46%
Burundi
45%
Liberia
45%
Ghana
44%
République du Congo
44%
Bénin
43%
Burkina Faso
43%
Gabon
43%
Seychelles
43%
Tchad
43%
Togo
43%
Côte d'Ivoire
42%
Nigeria
42%
Guinée équatoriale
41%
Niger
41%
Cameroun
40%
Île Maurice
39%
Comores
38%
République Centrafricaine
38%

Distribution des résultats

Percentile par nombre de réponses

% des personnes avec chaque résultat

Votre développement - résultats

Vous n’avez pas pris ce quiz